Responses for Show #2055 - Friday, July 9, 1993

Ed Schiffer game 5.
Last regular-play game of Season 9.

Contestants

Maureen Wasley, a game designer from Santa Clara, California

David Ivanov, a word processor originally from San Pedro, California

Ed Schiffer, a college lecturer originally from New York City, New York (whose 4-day cash winnings total $47,703)

[next game >>]

Jeopardy! Round responses

1899
SPORTS
TRANSPORTATION
MEDICINAL PLANTS
FOOD
ENDS WITH "OOF"
    $100 7
Butch Cassidy

Ed
    $100 3
the Oilers

Ed
    $100 13
human

Ed
    $100 19
baldness

Ed
    $100 14
cauliflower

Ed
    $100 1
hoof

David
    $200 8
Washington

Ed
    $200 10
the Indianapolis 500

Ed
    $200 24
a junk

Maureen
    $200 20
aromatherapy

David
    $200 15
white

Ed
    $200 2
the roof

Maureen
    $300 9
Stanley Steamer

Maureen
    $300 25
Björn Borg

Ed
    $300 28
a sidecar

Maureen
    $300 21
malaria

Ed
    $300 16
Sprat

David
    $300 4
goof

David
    $400 11
Jell-O

Ed
    $400 26
Peggy Fleming

Ed
    $400 29
Grand Central Station

Ed
    $400 22
(Maureen: What is the stomach?)

the heart

Maureen
Triple Stumper
    $400 17
Dino

Ed
    $400 5
aloof

David
    $500 12
Dreyfus

Ed
    $500 27
the Buffalo Bills

Maureen
    $500 30
(David: What is a robot?
(Ed: What is a plane?)

a submarine

EdDavid
Triple Stumper
    $500 23
(Ed: What is camphor?)
(Alex: No, if you've ever been bothered by arthritis, you would welcome the relief afforded by injections of [*].)

cortisone

Ed
    $500 18
tripe

David
    $500 6
childproof

Ed

Scores at the first commercial break (after clue 15):

Ed David Maureen
$2,400 $800 $500

Scores at the end of the Jeopardy! Round:

Ed David Maureen
$3,300 $1,300 $1,100

Double Jeopardy! Round responses

HISTORY
MUSIC
ISLANDS
ARCHITECTURE
BOOKS & AUTHORS
GLUB, GLUB
(Alex: …is the sound a person makes as he or she is drowning, and so as you might expect, this is a category about people who have perished in that terrible manner.)
    $200 1
Rhodes

Ed
    $200 11
bass clef

David
    $200 13
Captain Bligh

Ed
    $200 24
Boston

Ed
    $200 19
Washington, D.C.

Ed
    $200 2
Cleopatra

Ed
    $400 4
Anwar Sadat

Ed
    $400 12
a mass of the dead (requiem)

Ed
    $400 14
Tobago

David
    $400 25
Thomas Jefferson

David
    $400 20
Stephen King

David
    $400 3
the Crusades

David
    $600 6
Italy

Ed
    $600 18
a bridge

Ed
    $600 15
the Hebrides

Ed
    $600 28
New Delhi

David
    $600 21
Truman Capote

Ed
    $600 5
Hannibal

David
    $800 9
Kabul

Ed
    $2,500 26
the Vienna Boys' Choir

David
    $800 16
HIspaniola

David
    $800 29
Vancouver

Ed
    $800 22
Isak Dinesen (Karen Blixen)

Ed
    $800 7
Wenceslas

Ed
    $1000 10
(Maureen: What is Yokohama?)

Kyoto

DavidMaureen
    $1000 27
Edward Elgar

David
    $2,500 17
(David: What is Prince Edward Island?)
(Alex: No, you had to go much further north than that.)

Baffin Island

David
    $1000 30
Bauhaus

Maureen
    $1000 23
Exodus

David
    $1000 8
Virginia Woolf

David

Scores at the end of the Double Jeopardy! Round:

Ed David Maureen
$10,700 $9,100 $1,100

[wagering suggestions for these scores]

Final Jeopardy! Round responses

ACTRESSES & THEIR ROLES
MaureenWhat is Malcolm X?
$1,000
DavidWhat is Malcolm X?
$9,000
EdWhat is Malcolm X?
$7,500
Malcolm X

Final scores:

Ed David Maureen
$18,200 $18,100 $2,100
5-day champion: $65,903 2nd place: a trip for 2 to Miami, Florida for a 7-day cruise on Norwegian Cruise Lines 3rd place: a vacation at Ingleside Inn in Palm Springs, California + Jeopardy!/Wheel of Fortune video games for the Super Nintendo Entertainment System and the Sega Genesis system

Game dynamics:

Coryat scores:

Ed David Maureen
$11,200 $9,900 $1,100
31 R,
2 W
(including 1 DD)
19 R
(including 1 DD),
2 W
(including 1 DD)
6 R,
2 W

Combined Coryat: $22,200

[game] [game scores] [suggest correction]

Game tape date: Unknown
The J! Archive is created by fans, for fans. Scraping, republication, monetization, and malicious use prohibited; this site may use cookies and collect identifying information. See terms. The Jeopardy! game show and all elements thereof, including but not limited to copyright and trademark thereto, are the property of Jeopardy Productions, Inc. and are protected under law. This website is not affiliated with, sponsored by, or operated by Jeopardy Productions, Inc. Join the discussion at JBoard.tv.